Geboren in Posen - Statistiken

Allgemein
  • Dieses Quiz wurde 8 mal gespielt
  • Das Durchschnittsergebnis liegt bei 3 aus 8
Antwortstatistiken
Hinweis Antwort % Korrekt
Reichspräsident und Generalfeldmarschall, ernannte Hitler zum Reichskanzler 1847 Paul von Hindenburg
88%
früherer Nationalspieler (Bielefeld und Hertha BSC) 1977 Artur Wichniarek
50%
Fußballer, FC Augsburg 1998 Robert Gumny
50%
Präsident des Internationalen Strafgerichtshof 1956 Piotr Hofmanski
25%
Bauunternehmer in Berlin, unter anderem an der Bebauung des Kurfürstendamms maßgeblich beteiligt 1881 Heinrich Mendelssohn
13%
Regisseur, "Corpus Christi" 1981 Jan Komasa
13%
Tennisspielerin und Australian Open Halbfinalistin 1992 Magda Linette
13%
Rapper und Frontmann der Gruppe Slums Attack 1976 Peja
13%
Keine übereinstimmenden Quizze gefunden
Verteilung der Resultate
Anzahl Personen mit jedem Resultat
Perzentil nach korrekt beantworteten Fragen
Ihre Resultats-Entwicklung
Sie haben dieses Quiz noch nicht gespielt